000 01025nam a2200325 b 4500
001 0000609
003 DO-SdBNP
005 20240524093335.0
007 0000609
008 0506172002 sp spa
017 _a
_b
020 _a8489384371
035 _a
040 _aBPMSU
_bspa
_cBPMSU
_e
082 4 _a864.6
_bJ33i 2002
_222
100 1 _aJaner Manila, Gabriel,
_d1940-
245 1 0 _aInfancias soñadas y otros ensayos /
_cGabriel Janer Manila. ; Edición Mariángeles Fernández
_h
260 _aMadrid :
_bFundación Germán Sánchez Ruipérez,
_c2002.
300 _a233 p. ;
_c23 cm
490 0 _aEl árbol de la memoria
500 _aIncluye índice analítico.
504 _aBibliografía p: 214
590 _aInventariado, 2024/VM
650 4 _a Ensayos españoles
650 4 _aLiteratura juvenil
_xCrítica e interpretación
700 1 _aMariángeles Fernández
710 2 _aFundación Germán Sánchez Ruipérez,
910 _aVMateo V. Control de calidad. BPMSU
942 _2ddc
_cBK
999 _c11143
_d11143